000 00428pab a2200157 454500
008 180718b2011 xxu||||| |||| 00| 0 eng d
100 _aTrzaskowski, Jan
245 _aBehavioural economics, neuroscience, and the unfair commercial practises directive
260 _c2011
300 _ap.377-392.
362 _aSep
650 _aBehavioural economics
773 _aJournal of Consumer Policy
908 _aN
909 _a93610
999 _c93610
_d93610